| 000 -ლიდერი |
| ფიქსირებული სიგრძის საკონტროლო ველი |
01697nam a2200325Ia 4500 |
| 001 - საკონტროლო ნომერი |
| საკონტროლო ველი |
13065 |
| 003 - საკონტროლო ნომრის იდენტიფიკატორი |
| საკონტროლო ველი |
GE_BSU |
| 005 - ბოლო ოპერაციის თარიღი და დრო |
| საკონტროლო ველი |
20240822161308.0 |
| 008 - ფიქსირებული სიგრძის მონაცემთა ელემენტები - ზოგადი ინფორმაცია |
| ფიქსირებული სიგრძის საკონტროლო ველი |
181216s2014||||ge |||||||||||||| ||geo|| |
| 020 ## - წიგნის საერთაშორისო სტანდარტული ნომერი |
| International Standard Book Number |
9789941063145 |
| 040 ## - კატალოგიზაციის წყარო |
| Transcribing agency |
GE_BSU |
| 041 ## - ენის კოდი |
| Language code of text/sound track or separate title |
geo |
| 080 ## - უნივერსალური ათობითი კლასიფიკაციის ინდექსი |
| Universal Decimal Classification number |
638.1(075.32) მ-42 |
| 100 ## - მთავარი ჩანაწერი - პიროვნების სახელი |
| Personal name |
მაძღარაშვილი, გ. |
| 9 (RLIN) |
23106 |
| 245 ## - ცნობა სათაურის შესახებ |
| Title |
მეფუტკრეობა : |
| Remainder of title |
[სახელმძღვ.] / |
| Statement of responsibility, etc |
გ. მაძღარაშვილი ; სარედ. კოლ. : ნანა მაისურაძე [და სხვ.]. |
| 250 ## - გამოცემის ცნობა |
| Edition statement |
მე-2 გამოცემა |
| 264 ## - წარმოების, გამოცემის, დისტრიბუციის და სხვა ცნობები |
| გამოცემის, წარმოების, დისტრიბუციის... ადგილი |
თბილისი : |
| გამოცემის, წარმოების, დისტრიბუციის... სახელწოდება |
შპს ”ჯეო-პრინტი 2010”, |
| გამოცემის, წარმოების, დისტრიბუციის... თარიღი |
2014. |
| 300 ## - ფიზიკური აღწერა |
| Extent |
171 გვ. : |
| Other physical details |
ილ. ; |
| Dimensions |
29 სმ. |
| 500 ## - ზოგადი შენიშვნა |
| General note |
დაფინანსებულია ევროკომისიის მიერ
|
| 500 ## - ზოგადი შენიშვნა |
| General note |
ტერმინოლ. განმარტებებ: გვ. 5-10
|
| 504 ## - BIBLIOGRAPHY, ETC. NOTE |
| Bibliography, etc |
ბიბლიოგრ. თავების ბოლოს |
| 520 ## - SUMMARY, ETC. |
| Summary, etc |
აჭარა-სოფლის-მეურნ.განვით.მხარდაჭერა აჭარის ავტ. რესპუბლიკაში |
| 653 ## - INDEX TERM--UNCONTROLLED |
| Uncontrolled term |
მეფუტკრეობა |
| 653 ## - INDEX TERM--UNCONTROLLED |
| Uncontrolled term |
სახელმძღვანელოები |
| 700 ## - ADDED ENTRY--PERSONAL NAME |
| Personal name |
მაისურაძე, ნანა |
| Relator term |
რედაქტორი |
| 9 (RLIN) |
857 |
| 700 ## - ADDED ENTRY--PERSONAL NAME |
| Personal name |
ფეიქრიშვილი, მაია |
| Relator term |
რედაქტორი |
| 9 (RLIN) |
14259 |
| 700 ## - ADDED ENTRY--PERSONAL NAME |
| Personal name |
გაგოშიძე, ლაშა |
| Relator term |
რედაქტორი |
| 9 (RLIN) |
23107 |
| 942 ## - ADDED ENTRY ELEMENTS (KOHA) |
| Koha item type |
წიგნი |
| Source of classification or shelving scheme |
|